[Event "Solingen-ch 2023"]
[Site "Solingen"]
[Date "2023.09.01"]
[Round "1.1"]
[White "Kniest, Oliver"]
[Black "Linke, Marius"]
[Result "1-0"]
[WhiteElo "2242"]
[BlackElo "1753"]
[PlyCount "65"]
[EventDate "2023.??.??"]
[WhiteTeam "SG Solingen"]
[BlackTeam "SG Solingen"]

1. c4 c6 2. Nf3 Nf6 3. d4 d5 4. Nbd2 Bf5 5. Nh4 Bg6 6. Qb3 Qc8 7. g3 e6 8. Bg2 Nbd7 9. O-O Bd6 10. Nxg6 hxg6 11. e4 dxe4 12. Nxe4 Nxe4 13. Bxe4 O-O 14. Be3 e5 15. Bg2 exd4 16. Bxd4 Be5 17. Be3 Qc7 18. Rad1 Rfe8 19. Bh3 Nf8 20. Rd2 b6 21. c5 bxc5 22. Bxc5 Qa5 23. Rc2 Ne6 24. Bb4 Qb6 25. Qa4 a5 26. Ba3 Qb5 27. Rc4 Bxb2 28. Bxb2 Qxb2 29. Bg2 Red8 30. Bxc6 Ra6 31. Rd1 Qb6 32. Rxd8+ Qxd8 33. Bb7 1-0

[Event "Solingen-ch 2023"]
[Site "Solingen"]
[Date "2023.09.01"]
[Round "1.2"]
[White "Shivkumar, Siddharth"]
[Black "Zolfagharian, Kevin"]
[Result "0-1"]
[WhiteElo "1729"]
[BlackElo "2211"]
[PlyCount "82"]
[EventDate "2023.??.??"]
[WhiteTeam "SG Solingen"]
[BlackTeam "SG Solingen"]

1. e4 c5 2. c3 e5 3. Bc4 Nc6 4. Ne2 Nf6 5. d3 Be7 6. O-O O-O 7. f4 d5 8. exd5 Nxd5 9. Na3 a6 10. Bxd5 Qxd5 11. Nc4 {(=)} Rb8 12. Nxe5 Rd8 13. Rf3 Bf5 14. b3 h5 15. h3 Nxe5 16. fxe5 g6 17. Qe1 f6 18. Qg3 Kh7 19. c4 Qxe5 20. Re3 Qxa1 21. Rxe7+ Kg8 22. Qc7 g5 23. Rg7+ Kh8 24. Qf7 Rd7 25. Rh7+ Bxh7 26. Qxd7 Qe5 27. Qf7 {(=)} Rg8 28. Bd2 Bg6 29. Qxb7 Qxe2 30. Bc3 Qe3+ 31. Kh2 Qf4+ 32. g3 Qf2+ 33. Qg2 Qxg2+ 34. Kxg2 Kg7 35. d4 cxd4 36. Bxd4 Bb1 37. b4 Bxa2 38. c5 Rd8 39. Be3 Rd3 40. Kf2 Bd5 41. Ke2 Rb3 0-1

[Event "Solingen-ch 2023"]
[Site "Solingen"]
[Date "2023.09.01"]
[Round "1.3"]
[White "Waagener, Ulrich"]
[Black "Scheidtmann, Kian"]
[Result "1-0"]
[WhiteElo "2107"]
[BlackElo "1691"]
[PlyCount "51"]
[EventDate "2023.??.??"]
[WhiteTeam "SG Solingen"]
[BlackTeam "SG Solingen"]

1. d4 Nf6 2. Bg5 e6 3. e4 h6 4. Bxf6 Qxf6 5. Nc3 Bb4 6. Nge2 c5 7. dxc5 Bxc5 8. f4 g5 9. e5 Qf5 10. g3 gxf4 11. gxf4 Rg8 12. Qd2 Qh5 13. Ne4 Qf3 14. Nxc5 Qxh1 15. O-O-O b6 16. Nb3 Bb7 17. Ng3 Qd5 18. Bd3 Qg2 19. Be2 Rxg3 20. hxg3 Qxg3 21. Bb5 Bf3 22. Qe3 Qg2 23. Rg1 Qh3 24. Rg8+ Ke7 25. Qd4 Bd5 26. Qb4+ 1-0

[Event "Solingen-ch 2023"]
[Site "Solingen"]
[Date "2023.09.01"]
[Round "1.4"]
[White "Bock, Jürgen"]
[Black "Bilenko, Yaroslav"]
[Result "0-1"]
[WhiteElo "1657"]
[BlackElo "2098"]
[PlyCount "42"]
[EventDate "2023.??.??"]
[WhiteTeam "SC Düsseldorf Garath"]
[BlackTeam "SF Gerresheim 86"]

1. d4 Nf6 2. Nf3 e6 3. e3 b6 4. Bd3 Bb7 5. Nbd2 d5 6. b3 c5 7. Bb2 Be7 8. O-O O-O 9. Qe2 Ne4 10. Rfd1 Nc6 11. a3 f5 12. Rac1 Rc8 13. c4 Bd6 14. Ne5 Qe7 15. cxd5 exd5 16. Nxc6 Bxc6 17. Nxe4 fxe4 18. Bb5 Bxb5 19. Qxb5 Bxh2+ 20. Kf1 Qh4 21. Rd2 Bg3 0-1

[Event "Solingen-ch 2023"]
[Site "Solingen"]
[Date "2023.09.01"]
[Round "1.5"]
[White "Görke, Joachim"]
[Black "Bauer, Matthias"]
[Result "1-0"]
[WhiteElo "2097"]
[BlackElo "1637"]
[PlyCount "33"]
[EventDate "2023.??.??"]
[WhiteTeam "SG Solingen"]
[BlackTeam "SV Günnigfeld 1922"]

1. e4 e6 2. d4 d5 3. exd5 exd5 4. Nf3 Nf6 5. Bd3 Bd6 6. O-O O-O 7. Bg5 c6 8. Re1 Nbd7 9. c4 Re8 10. Nc3 Rxe1+ 11. Qxe1 h6 12. Bh4 dxc4 13. Bxc4 Nb6 14. Bb3 Qc7 15. Bxf6 gxf6 16. Qe4 Bd7 17. Qg6+ 1-0

[Event "Solingen-ch 2023"]
[Site "Solingen"]
[Date "2023.09.01"]
[Round "1.6"]
[White "Kovalyov, Dima"]
[Black "Fichtner, Ewald"]
[Result "1/2-1/2"]
[WhiteElo "1588"]
[BlackElo "2088"]
[PlyCount "66"]
[EventDate "2023.??.??"]
[WhiteTeam "SG Solingen"]
[BlackTeam "SG Solingen"]

1. e4 c6 2. c4 d5 3. cxd5 cxd5 4. exd5 Nf6 5. Nc3 Nxd5 6. Bc4 e6 7. Nf3 Nc6 8. O-O Be7 9. d4 O-O 10. Re1 a6 11. Ne5 Nxe5 12. dxe5 Nxc3 13. bxc3 b5 14. Qf3 Bd7 15. Bd3 Qc7 16. Qh3 g6 17. Bh6 Rfd8 18. Rac1 Bc6 19. Re3 Bc5 20. Bg5 Bxe3 21. Qxe3 Rd7 22. Bc2 Bb7 23. Bf6 Qc8 24. h4 Qc6 25. f3 Rc8 26. Qh6 Qc5+ 27. Kh2 Qf8 28. Qg5 Rdc7 29. h5 Rxc3 30. hxg6 Rxc2 31. gxf7+ Kxf7 32. Qh5+ Kg8 33. Qg5+ Kf7 1/2-1/2

[Event "Solingen-ch 2023"]
[Site "Solingen"]
[Date "2023.09.01"]
[Round "1.7"]
[White "Flesch, Stefan"]
[Black "Gülcan, Batuhan Ege"]
[Result "1/2-1/2"]
[WhiteElo "2031"]
[BlackElo "1583"]
[PlyCount "74"]
[EventDate "2023.??.??"]
[WhiteTeam "SG Solingen"]
[BlackTeam "SG Solingen"]

1. d4 d5 2. c4 c6 3. cxd5 cxd5 4. Nc3 Nf6 5. Nf3 Nc6 6. Bf4 e6 7. e3 Qb6 8. Qb3 Bb4 9. Bd3 h6 10. O-O O-O 11. h3 Qd8 12. Ne5 Bd6 13. Nxc6 bxc6 14. Bxd6 Qxd6 15. Na4 Nd7 16. Rfc1 Re8 17. Qc3 Bb7 18. Nc5 Nxc5 19. Qxc5 Qxc5 20. Rxc5 e5 21. dxe5 Rxe5 22. Rac1 Re7 23. R1c3 Rd8 24. Ra3 Ba8 25. Rca5 Rdd7 26. Rb3 Rb7 27. Rxb7 Rxb7 28. b3 Re7 29. Rc5 g6 30. b4 Kg7 31. b5 cxb5 32. Rxb5 Kf6 33. Rb4 Rc7 34. Kh2 Rc3 35. Bb1 Rc7 36. Kg3 Ke6 37. h4 Rb7 1/2-1/2

[Event "Solingen-ch 2023"]
[Site "Solingen"]
[Date "2023.09.01"]
[Round "1.8"]
[White "Littek, Oliver"]
[Black "Kushchan, Eduard"]
[Result "0-1"]
[WhiteElo "1563"]
[BlackElo "2020"]
[PlyCount "54"]
[EventDate "2023.??.??"]
[WhiteTeam "SG Solingen"]
[BlackTeam "SG Solingen"]

1. e4 d6 2. d4 Nf6 3. Nc3 g6 4. Nf3 Bg7 5. Be2 O-O 6. O-O c6 7. Re1 Bg4 8. h3 Bxf3 9. Bxf3 e5 10. dxe5 dxe5 11. Qxd8 Rxd8 12. Be3 Nbd7 13. Rad1 Bf8 14. Rd3 Bc5 15. Red1 Bxe3 16. fxe3 Kf8 17. g4 Ke7 18. g5 Ne8 19. Bg4 Nc5 20. Rxd8 Rxd8 21. Rxd8 Kxd8 22. Kf2 a5 23. a4 Nd6 24. Kf3 Nc4 25. b3 Na3 26. Kf2 Nxc2 27. Bd1 Na1 0-1

[Event "Solingen-ch 2023"]
[Site "Solingen"]
[Date "2023.09.01"]
[Round "1.9"]
[White "Boschek, Hans-Joachim"]
[Black "Schubert, Stefan"]
[Result "1-0"]
[WhiteElo "1946"]
[BlackElo "1527"]
[PlyCount "51"]
[EventDate "2023.??.??"]
[WhiteTeam "SG Solingen"]
[BlackTeam "SG Solingen"]

1. d4 d5 2. Nf3 Nf6 3. g3 e6 4. Bg2 c5 5. O-O Bd6 6. c4 O-O 7. cxd5 exd5 8. Nc3 Re8 9. Bg5 h6 10. Bxf6 Qxf6 11. Nxd5 Qd8 12. dxc5 Bxc5 13. Rc1 Na6 14. a3 Rb8 15. b4 Bb6 16. Nxb6 Qxb6 17. e3 Nc7 18. Qd4 Nb5 19. Qxb6 axb6 20. a4 Nd6 21. Rfd1 Ne4 22. Nd4 Ra8 23. Nb5 Rxa4 24. Bxe4 Bg4 25. Rd4 Be2 26. Nc3 1-0

[Event "Solingen-ch 2023"]
[Site "Solingen"]
[Date "2023.09.01"]
[Round "1.10"]
[White "Neumair, Dorian"]
[Black "Steinbach, Wolfgang"]
[Result "0-1"]
[WhiteElo "1521"]
[BlackElo "1914"]
[PlyCount "136"]
[EventDate "2023.??.??"]
[WhiteTeam "SC Erkrath 1973"]
[BlackTeam "SG Solingen"]

1. e4 c5 2. c4 Nc6 3. g3 g6 4. Bg2 Bg7 5. Nc3 e6 6. Nge2 Nge7 7. O-O O-O 8. d3 Nd4 9. Nxd4 cxd4 10. Ne2 d6 11. b4 a6 12. a4 Bd7 13. Bb2 e5 14. Qb3 Kh8 15. f4 Rb8 16. Rfc1 Be6 17. fxe5 dxe5 18. Qc2 f5 19. Rf1 Qd7 20. b5 Rfc8 21. Qd2 Ng8 22. Qa5 Nf6 23. Ba3 fxe4 24. Rxf6 Bxf6 25. Bxe4 axb5 26. axb5 Bf5 27. Rf1 Bg7 28. Bd5 Be6 29. Be4 b6 30. Qd2 Bf8 31. Bc1 Qg7 32. Kg2 Be7 33. Ng1 Rf8 34. Nf3 Rbc8 35. Qd1 Rc7 36. Rf2 Bd8 37. Ra2 Ra7 38. Rc2 Be7 39. Bd2 {(=)} Bf5 40. Ng5 Bxg5 41. Bxg5 Bxe4+ 42. dxe4 h6 43. Bd2 Kh7 44. Bb4 Rfa8 45. Qb1 Ra1 46. Qb3 Qb7 47. Re2 Qd7 48. c5 bxc5 49. Bxc5 Rc1 50. Rf2 Kg7 51. Bb4 Qb7 52. Qf3 Kh7 53. Bd6 Raa1 54. Qf7+ Qxf7 55. Rxf7+ Kg8 56. Rb7 d3 57. Bxe5 Ra2+ 58. Kh3 d2 59. Rb8+ Kf7 60. Rd8 d1=Q 61. Rxd1 Rxd1 62. b6 Rb1 63. Bc7 Ke6 64. e5 Rab2 65. g4 g5 66. Kg3 Rb3+ 67. Kf2 R1b2+ 68. Kg1 Ra3 0-1

[Event "Solingen-ch 2023"]
[Site "Solingen"]
[Date "2023.09.01"]
[Round "1.11"]
[White "Mänken, Merlin"]
[Black "Pernizki, Max"]
[Result "1-0"]
[WhiteElo "1901"]
[BlackElo "1466"]
[PlyCount "43"]
[EventDate "2023.??.??"]
[WhiteTeam "Elberfelder SG"]
[BlackTeam "SG Solingen"]

1. e4 c6 2. d4 d5 3. e5 Bf5 4. h4 h5 5. Bd3 Bxd3 6. Qxd3 e6 7. Nf3 Qa5+ 8. Nbd2 Nh6 9. O-O Nf5 10. c4 Be7 11. g3 Nd7 12. a3 b5 13. b4 bxc4 14. Qxf5 Bxb4 15. Qc2 O-O 16. Ng5 f5 17. Nxe6 Bc3 18. Rb1 Rf7 19. Nf3 g6 20. Nf4 Rg7 21. Rb7 c5 22. e6 1-0

[Event "Solingen-ch 2023"]
[Site "Solingen"]
[Date "2023.09.01"]
[Round "1.12"]
[White "Wawi, Bilal Alexander"]
[Black "Vranidis, Athanassios"]
[Result "0-1"]
[WhiteElo "1428"]
[BlackElo "1894"]
[PlyCount "88"]
[EventDate "2023.??.??"]
[WhiteTeam "SG Solingen"]
[BlackTeam "SG Solingen"]

1. e4 c5 2. Nf3 d6 3. Bc4 e6 4. Nc3 a6 5. a4 Nf6 6. d3 Be7 7. O-O O-O 8. h3 Nc6 9. Re1 Qc7 10. Be3 Bd7 11. d4 cxd4 12. Nxd4 Ne5 13. Bb3 Nc4 14. Bxc4 Qxc4 15. Qd3 Rac8 16. Nf3 Qc7 17. Red1 Bc6 18. Nd4 Rfd8 19. Nxc6 Qxc6 20. f4 d5 21. e5 Ne8 22. g3 d4 23. Bxd4 Rxd4 24. Qxd4 Bc5 25. Qxc5 Qxc5+ 26. Kg2 Nc7 27. Rd3 Nd5 28. Kf3 Nxc3 29. Rxc3 Qd5+ 30. Kg4 Rxc3 31. bxc3 h6 32. Rb1 b5 33. axb5 axb5 34. h4 g6 35. Kh3 Kg7 36. Kh2 Qc4 37. Kh3 Qe2 38. Rb2 f6 39. exf6+ Kxf6 40. Ra2 Qf1+ 41. Kh2 Kf5 42. Ra5 Kg4 43. Ra6 Kf3 44. Rxe6 Qg2# 0-1

[Event "Solingen-ch 2023"]
[Site "Solingen"]
[Date "2023.09.01"]
[Round "1.13"]
[White "Speck, Stefan"]
[Black "Shivkumar, Shreyas"]
[Result "1-0"]
[WhiteElo "1866"]
[BlackElo "1402"]
[PlyCount "131"]
[EventDate "2023.??.??"]
[WhiteTeam "SG Solingen"]
[BlackTeam "SG Solingen"]

1. e4 c6 2. c4 d5 3. exd5 cxd5 4. cxd5 Nf6 5. Nc3 Nxd5 6. Nf3 Nc6 7. Bb5 a6 8. Qa4 Nxc3 9. Bxc6+ bxc6 10. dxc3 e6 11. O-O Bd7 12. Ne5 Bc5 13. Rd1 Ra7 14. Nxd7 Rxd7 15. Qxc6 Qc7 16. Qxd7+ Qxd7 17. Rxd7 Kxd7 18. Kf1 Rb8 19. b3 e5 20. Ke2 Ke6 21. Be3 Bb6 22. Bxb6 Rxb6 23. Rd1 Rc6 {(=)} 24. c4 a5 25. Kd3 Rd6+ 26. Kc2 Rxd1 27. Kxd1 Kd6 28. Kd2 Kc5 29. Kc3 f5 30. a3 g5 31. b4+ axb4+ 32. axb4+ Kc6 33. Kd3 h5 34. Ke3 Kd6 {(=)} 35. f3 Kc6 36. Kf2 f4 37. Ke2 g4 38. Kd3 g3 39. h4 Kd6 40. Ke4 Ke6 41. c5 Kf6 42. c6 Ke6 43. b5 Kd6 44. c7 Kxc7 45. Kxe5 Kb6 46. Kxf4 Kxb5 47. Kxg3 Kc6 48. Kf4 Kd5 49. Kf5 Kd4 50. g4 Ke3 51. gxh5 Kxf3 52. h6 Kg3 53. h5 Kh4 54. Kg6 Kg4 55. h7 Kf4 56. h6 Ke3 57. h8=Q Ke4 58. h7 Kd5 59. Qa8+ Kc4 60. h8=Q Kd3 61. Qh3+ Kd4 62. Qa4+ Kd5 63. Qf5+ Kd6 64. Qa6+ Ke7 65. Qf7+ Kd8 66. Qa8# 1-0

[Event "Solingen-ch 2023"]
[Site "Solingen"]
[Date "2023.09.01"]
[Round "1.14"]
[White "Dhanasekaran Meenambigai, Diya"]
[Black "Loriguillo Gonzalez, Gregorio"]
[Result "0-1"]
[WhiteElo "1345"]
[BlackElo "1847"]
[PlyCount "72"]
[EventDate "2023.??.??"]
[WhiteTeam "SG Solingen"]
[BlackTeam "SG Solingen"]

1. e4 c6 2. d4 d5 3. exd5 cxd5 4. c4 Nf6 5. Nc3 e6 6. Nf3 Nc6 7. Bg5 Be7 8. cxd5 Nxd5 9. Bxe7 Qxe7 10. Qd2 O-O 11. Be2 Rd8 12. O-O Qf6 13. Nxd5 Rxd5 14. Rad1 b6 15. Bc4 Rd6 16. Bb5 Bb7 17. Bxc6 Bxc6 18. Ne5 Bb7 19. Qc3 Qe7 20. Rfe1 Rad8 21. Nc4 Rd5 22. Re3 Qd7 23. Red3 Rc8 24. Qb4 e5 25. Nxe5 Rxe5 26. h3 Rg5 27. f3 Qxh3 28. Qd2 Rg6 29. Re1 Bxf3 30. Rxf3 Qxf3 31. a4 h5 32. Rf1 Qd5 33. Qf2 Rc4 34. b3 Rxd4 35. Re1 Rdg4 36. Re8+ Kh7 0-1

[Event "Solingen-ch 2023"]
[Site "Solingen"]
[Date "2023.09.01"]
[Round "1.15"]
[White "Koshel, Stanislav"]
[Black "Kovalyova, Alina"]
[Result "1-0"]
[WhiteElo "1789"]
[BlackElo "899"]
[PlyCount "37"]
[EventDate "2023.??.??"]
[WhiteTeam "SG Solingen"]
[BlackTeam "SG Solingen"]

1. c4 e5 2. Nc3 Nc6 3. Nf3 Bb4 4. Nd5 Nf6 5. Nxb4 Nxb4 6. Nxe5 d6 7. Qa4+ Ke7 8. Qxb4 Ke8 9. Nf3 d5 10. e3 Bg4 11. Qxb7 dxc4 12. Bxc4 Bxf3 13. gxf3 Qc8 14. Qc6+ Kd8 15. b3 Rf8 16. Bb2 Nd7 17. Rg1 g6 18. Rg4 Nb8 19. Bf6# 1-0

[Event "Solingen-ch 2023"]
[Site "Solingen"]
[Date "2023.09.15"]
[Round "2.1"]
[White "Steinbach, Wolfgang"]
[Black "Kniest, Oliver"]
[Result "0-1"]
[WhiteElo "1914"]
[BlackElo "2242"]
[PlyCount "94"]
[EventDate "2023.??.??"]
[WhiteTeam "SG Solingen"]
[BlackTeam "SG Solingen"]

1. Nf3 Nf6 2. d4 g6 3. c4 Bg7 4. Nc3 d6 5. Bg5 h6 6. Bh4 g5 7. Bg3 Nh5 8. e3 c5 9. d5 Nxg3 10. hxg3 Bxc3+ 11. bxc3 Kd7 12. Bd3 Kc7 13. Qc2 Qf8 14. Nd2 Qg7 15. Rb1 Nd7 16. Be2 Ne5 17. Qb3 Rb8 18. Rd1 f5 19. f3 f4 20. g4 fxe3 21. Nf1 h5 22. Nxe3 hxg4 23. Rxh8 Qxh8 24. fxg4 Qh4+ 25. Kd2 Bxg4 26. Nxg4 Nxg4 27. Re1 Qf2 28. Qa3 Qf4+ 29. Kc2 Ne3+ 30. Kb3 Qf5 31. Qc1 Nxg2 32. Rg1 Nf4 33. Bg4 Qf8 34. a4 Qf6 35. Qe3 Rh8 36. Qg3 Rh4 37. Qe3 Rh2 38. Re1 Ng6 39. Qg3 Qf2 40. Qxf2 Rxf2 41. Bh5 Ne5 42. Rg1 Rf5 43. Rg2 Nd3 44. Bg6 Nf4 45. Rf2 Rf6 46. Bc2 g4 47. Rf1 g3 0-1

[Event "Solingen-ch 2023"]
[Site "Solingen"]
[Date "2023.09.15"]
[Round "2.2"]
[White "Zolfagharian, Kevin"]
[Black "Mänken, Merlin"]
[Result "1/2-1/2"]
[WhiteElo "2211"]
[BlackElo "1901"]
[PlyCount "72"]
[EventDate "2023.??.??"]
[WhiteTeam "SG Solingen"]
[BlackTeam "Elberfelder SG"]

1. Nf3 c5 2. c4 Nc6 3. Nc3 g6 4. e3 Nf6 5. d4 cxd4 6. exd4 d5 7. cxd5 Nxd5 8. Qb3 Nxc3 9. Bc4 Nd5 10. Bxd5 e6 11. Bxc6+ bxc6 12. O-O Bg7 13. Qa3 Qe7 14. b3 c5 15. Bf4 Bb7 16. Qa4+ Qd7 17. Qxd7+ Kxd7 18. Ne5+ Bxe5 19. Bxe5 Rhc8 20. Rfd1 Bd5 21. dxc5 Rxc5 22. Rd2 Rac8 {(=)} 23. f3 Rc2 24. Rad1 Ke7 25. Kf2 f6 26. Bd4 a6 27. Ke3 R8c6 28. Kd3 Rxd2+ 29. Rxd2 e5 30. Bf2 Ke6 31. Rb2 f5 32. a4 e4+ 33. fxe4 Bxe4+ 34. Kd4 Rc2 35. Rxc2 Bxc2 36. Kc3 Bd1 1/2-1/2

[Event "Solingen-ch 2023"]
[Site "Solingen"]
[Date "2023.09.15"]
[Round "2.3"]
[White "Vranidis, Athanassios"]
[Black "Waagener, Ulrich"]
[Result "0-1"]
[WhiteElo "1894"]
[BlackElo "2107"]
[PlyCount "60"]
[EventDate "2023.??.??"]
[WhiteTeam "SG Solingen"]
[BlackTeam "SG Solingen"]

1. d4 Nf6 2. c4 e6 3. Nc3 Bb4 4. Qc2 c5 5. dxc5 Na6 6. a3 Bxc3+ 7. Qxc3 Nxc5 8. f3 d5 9. Be3 Na4 10. Qb4 Bd7 11. b3 a5 12. Qd2 Nb6 13. c5 Nc8 14. Nh3 e5 15. Nf2 h6 16. Nd3 d4 17. Bf2 Qe7 18. e4 O-O 19. Be2 Qe6 20. O-O Ne7 21. Qc2 Ng6 22. Nb2 Nf4 23. Bc4 Qe7 24. b4 Kh7 25. Nd3 N6h5 26. Nxf4 Nxf4 27. Bg3 g5 28. Bxf4 gxf4 29. Bd5 Bb5 30. Rf2 axb4 0-1

[Event "Solingen-ch 2023"]
[Site "Solingen"]
[Date "2023.09.15"]
[Round "2.4"]
[White "Bilenko, Yaroslav"]
[Black "Koshel, Stanislav"]
[Result "1-0"]
[WhiteElo "2098"]
[BlackElo "1789"]
[PlyCount "61"]
[EventDate "2023.??.??"]
[WhiteTeam "SF Gerresheim 86"]
[BlackTeam "SG Solingen"]

1. e4 e6 2. d4 d5 3. e5 c5 4. c3 Nc6 5. Nf3 Qb6 6. Bd3 cxd4 7. O-O Bd7 8. Re1 dxc3 9. Nxc3 Nb4 10. Bf1 Bc5 11. Be3 Bxe3 12. Rxe3 Ne7 13. a3 Na6 14. Nd4 Nc7 15. b4 a6 16. Rc1 Nc6 17. Nb3 Ne7 18. Nc5 Bc6 19. Rd3 h5 20. Qb3 Nb5 21. Ne2 Nf5 22. a4 Na7 23. Nd4 Nxd4 24. Rxd4 Rc8 25. Qf3 Qd8 26. Ne4 Rc7 27. Nd6+ Kf8 28. b5 axb5 29. axb5 Be8 30. Rxc7 Qxc7 31. Qa3 1-0

[Event "Solingen-ch 2023"]
[Site "Solingen"]
[Date "2023.09.15"]
[Round "2.5"]
[White "Loriguillo Gonzalez, Gregorio"]
[Black "Görke, Joachim"]
[Result "0-1"]
[WhiteElo "1847"]
[BlackElo "2097"]
[PlyCount "128"]
[EventDate "2023.??.??"]
[WhiteTeam "SG Solingen"]
[BlackTeam "SG Solingen"]

1. e4 c5 2. Nf3 d6 3. Bb5+ Nc6 4. O-O Bd7 5. c3 Qb6 6. Qe2 Nf6 7. a4 a6 8. Bc4 Bg4 9. h3 Bh5 10. g4 Bg6 11. e5 dxe5 12. Nxe5 Nxe5 13. Qxe5 e6 14. Na3 Bd6 15. Qe2 O-O 16. Bd3 Bxd3 17. Qxd3 Rad8 18. Qe2 Bb8 19. Nc4 Qc7 20. f4 Nd5 21. d3 b5 22. axb5 axb5 23. Ne5 g5 24. d4 cxd4 25. cxd4 Qb6 26. Qf2 gxf4 27. Bxf4 Nxf4 28. Qxf4 Qxd4+ 29. Qxd4 Rxd4 30. Nc6 Rd7 31. Rf3 Rc8 32. Rc3 Kg7 33. Rac1 Bf4 34. R1c2 Rd1+ 35. Kg2 Rd2+ 36. Kf3 Rxc2 37. Rxc2 Be5 38. Ke4 Bxb2 39. Rxb2 Rxc6 40. Rxb5 Rc3 41. Rg5+ Kf6 42. Rh5 Kg6 43. Kf4 Rc4+ 44. Kf3 f5 45. Rh4 Rc3+ 46. Kf4 h6 47. Ke5 Rc5+ 48. Kf4 e5+ 49. Kf3 Rc3+ 50. Kf2 f4 51. Rh5 e4 52. Re5 Rc2+ 53. Kf1 Rc1+ 54. Ke2 f3+ 55. Ke3 Re1+ 56. Kf2 Re2+ 57. Kf1 Kf6 58. Rf5+ Ke6 59. h4 Rg2 60. Rh5 Rxg4 61. Rxh6+ Ke5 62. h5 Kf4 63. Ra6 Rh4 64. h6 Rh1+ 0-1

[Event "Solingen-ch 2023"]
[Site "Solingen"]
[Date "2023.09.15"]
[Round "2.6"]
[White "Kushchan, Eduard"]
[Black "Fränzel, Marius"]
[Result "1-0"]
[WhiteElo "2020"]
[BlackElo "1757"]
[PlyCount "63"]
[EventDate "2023.??.??"]
[WhiteTeam "SG Solingen"]
[BlackTeam "SG Solingen"]

1. Nf3 d5 2. g3 Nf6 3. Bg2 g6 4. O-O Bg7 5. d3 O-O 6. Nbd2 c6 7. e4 dxe4 8. dxe4 Bg4 9. h3 Bxf3 10. Qxf3 e5 11. Rd1 Qc7 12. Nc4 Re8 13. a4 Nbd7 14. a5 Rad8 15. Be3 c5 16. Bg5 Re6 17. h4 h6 18. Bd2 b5 19. axb6 axb6 20. Qb3 Nb8 21. Bc3 Rxd1+ 22. Rxd1 Nfd7 23. Ne3 Nf6 24. Nd5 Nxd5 25. Qxd5 Nc6 26. Bh3 Re7 27. Ra1 Nd4 28. Ra8+ Kh7 29. Bxd4 exd4 30. h5 Re5 31. hxg6+ fxg6 32. Qg8# 1-0

[Event "Solingen-ch 2023"]
[Site "Solingen"]
[Date "2023.09.15"]
[Round "2.8"]
[White "Helfer, Bernd"]
[Black "Boos, Markus"]
[Result "0-1"]
[WhiteElo "1776"]
[BlackElo "2130"]
[PlyCount "84"]
[EventDate "2023.??.??"]
[WhiteTeam "SC Erkrath 1973"]
[BlackTeam "Elberfelder SG"]

1. c4 c5 2. g3 Nc6 3. Bg2 g6 4. Nc3 Bg7 5. a3 e5 6. b4 cxb4 7. axb4 Nxb4 8. Ba3 Bf8 9. Qa4 a5 10. Nf3 f6 11. O-O Kf7 12. Rfb1 Ra6 13. Qb3 Kg7 14. Ne1 Nh6 15. Nc2 Nc6 16. Nd5 Nf5 17. e3 d6 18. f4 h5 19. Rf1 Be7 20. Bb2 Rf8 21. Qc3 Rf7 22. d4 exd4 23. exd4 Bf8 24. Rfe1 Kh7 25. Re2 Bg7 26. Rae1 {(=)} Rf8 27. Qd3 Ra7 28. Na3 Nb4 29. Nxb4 axb4 30. Nb5 Ra5 31. Qb3 Bd7 32. Qxb4 Bxb5 33. cxb5 Qb6 34. Kh1 Rxb5 35. Qc3 Rb3 36. Qd2 Qb5 37. Ba1 d5 38. Bf1 Qa4 39. Re6 Ra3 40. Qb2 Ra8 41. Bb5 Qa5 42. Bd3 Rxd3 0-1

[Event "Solingen-ch 2023"]
[Site "Solingen"]
[Date "2023.09.15"]
[Round "2.9"]
[White "Fichtner, Ewald"]
[Black "Atar, Efecan"]
[Result "1-0"]
[WhiteElo "2088"]
[BlackElo "1557"]
[PlyCount "57"]
[EventDate "2023.??.??"]
[WhiteTeam "SG Solingen"]
[BlackTeam "SG Solingen"]

1. d4 d5 2. Nc3 Nf6 3. Bf4 c6 4. e3 g6 5. Nf3 Bg7 6. Be2 Bf5 7. Ne5 Nbd7 8. g4 Be6 9. Nd3 Ne4 10. f3 Nxc3 11. bxc3 Qa5 12. Qd2 c5 13. Bg3 cxd4 14. cxd4 Qxd2+ 15. Kxd2 O-O 16. Nf4 Rac8 17. Rab1 Nb6 18. Nxe6 fxe6 19. h4 Nc4+ 20. Bxc4 Rxc4 21. Rxb7 Rxf3 22. Rg1 Ra4 23. Rxe7 Rxa2 24. Rxe6 Bf8 25. Ke2 Rf7 26. Kd3 Ra3+ {(=)} 27. c3 Rb7 28. Re8 Kf7 29. Rxf8+ 1-0

[Event "Solingen-ch 2023"]
[Site "Solingen"]
[Date "2023.09.15"]
[Round "2.10"]
[White "Fetahovic, Sarah"]
[Black "Flesch, Stefan"]
[Result "0-1"]
[WhiteElo "1550"]
[BlackElo "2031"]
[PlyCount "112"]
[EventDate "2023.??.??"]
[WhiteTeam "SG Solingen"]
[BlackTeam "SG Solingen"]

1. e4 Nc6 2. d4 d5 3. exd5 Qxd5 4. Be3 e5 5. Ne2 Bf5 6. Nbc3 Qa5 7. Ng3 exd4 8. Bxd4 O-O-O 9. Nxf5 Qxf5 10. Bd3 Qg5 11. Ne2 Nxd4 12. Nxd4 Rxd4 13. Bf5+ Qxf5 14. Qxd4 Bc5 15. Qd2 Qe5+ 16. Qe2 Bb4+ 17. Kf1 Qxe2+ 18. Kxe2 Nf6 19. c3 Re8+ 20. Kd3 Bc5 21. f3 Rd8+ 22. Ke2 Nd5 23. g3 c6 24. a4 a5 25. Rad1 Re8+ 26. Kd3 Re3+ 27. Kc4 Be7 28. f4 Re2 29. Kb3 Bf6 30. Rb1 h5 31. Rbe1 Rxe1 32. Rxe1 Kd7 33. Kc4 h4 34. Re2 hxg3 35. hxg3 g5 36. f5 Be7 37. g4 Bd6 38. Kb3 Bc5 39. Kc4 b6 40. Kb3 Ne3 41. Rd2+ Ke7 42. c4 Nxg4 43. Rg2 Ne3 44. Rxg5 Kf6 45. Rg8 Nxf5 46. Kc3 Bd4+ 47. Kc2 Nd6 48. Rd8 Ke6 49. b4 axb4 50. Kb3 Bc5 51. Ra8 f5 52. Ra6 f4 53. a5 bxa5 54. Rxa5 f3 55. Ra1 f2 56. Rd1 Ne4 0-1

[Event "Solingen-ch 2023"]
[Site "Solingen"]
[Date "2023.09.15"]
[Round "2.11"]
[White "Schüller, Reinhard"]
[Black "Fetahovic, Dzenan"]
[Result "0-1"]
[WhiteElo "1356"]
[BlackElo "1828"]
[PlyCount "42"]
[EventDate "2023.??.??"]
[WhiteTeam "SG Solingen"]
[BlackTeam "SG Solingen"]

1. e4 e5 2. Nf3 Nc6 3. Bc4 d6 4. d3 Bg4 5. Bxf7+ Kd7 6. Bg5 Be7 7. Qd2 Bxf3 8. Be3 Bg4 9. Nc3 Nf6 10. Nd5 Qf8 11. Nxf6+ Bxf6 12. Bb3 Qe7 13. Ba4 h6 14. f3 Bh5 15. O-O-O Rhf8 16. Kb1 a6 17. c4 Bg5 18. Bxg5 Qxg5 19. Qxg5 hxg5 20. d4 exd4 21. Rxd4 b5 0-1

[Event "Solingen-ch 2023"]
[Site "Solingen"]
[Date "2023.09.15"]
[Round "2.13"]
[White "Micka, Matthias"]
[Black "Kovalyov, Dima"]
[Result "0-1"]
[WhiteElo "1235"]
[BlackElo "1588"]
[PlyCount "76"]
[EventDate "2023.??.??"]
[WhiteTeam "Ohligser TV 1888"]
[BlackTeam "SG Solingen"]

1. e4 c6 2. d4 d5 3. exd5 cxd5 4. Bd3 Nc6 5. c3 Nf6 6. Nf3 Bg4 7. h3 Bh5 8. Bf4 Qb6 9. Qb3 Na5 10. Qb5+ Kd8 11. Nbd2 Qxb5 12. Bxb5 a6 13. Bd3 Nc6 14. g4 Bg6 15. Ke2 Kd7 16. Ne5+ Nxe5 17. Bxe5 Bxd3+ 18. Kxd3 e6 19. f3 Bd6 20. Bxd6 Kxd6 21. b4 b5 22. Nb3 Nd7 23. f4 h5 24. g5 f6 25. Nc5 e5 26. fxe5+ fxe5 27. Nxd7 e4+ 28. Ke3 Kxd7 29. Rhf1 Rhf8 30. Ke2 Ke7 31. Rxf8 Rxf8 32. Rf1 Rxf1 33. Kxf1 Ke6 34. Ke2 Kf5 35. g6 Kxg6 36. Kf2 Kf5 37. Kg3 g5 38. a3 g4 0-1

[Event "Solingen-ch 2023"]
[Site "Solingen"]
[Date "2023.09.13"]
[Round "2.15"]
[White "Linke, Marius"]
[Black "Neumair, Dorian"]
[Result "1-0"]
[WhiteElo "1753"]
[BlackElo "1521"]
[PlyCount "43"]
[EventDate "2023.??.??"]
[WhiteTeam "SG Solingen"]
[BlackTeam "SC Erkrath 1973"]

1. d4 d5 2. c4 e6 3. Nf3 Nf6 4. g3 Nbd7 5. Bg2 c5 6. O-O cxd4 7. Nxd4 e5 8. Nf3 dxc4 9. Qa4 Qc7 10. Nbd2 c3 11. bxc3 Qxc3 12. Rb1 Qc7 13. Bb2 Bd6 14. Rfc1 Qb8 15. Nc4 O-O 16. Nxd6 Qxd6 17. Ba3 Nb6 18. Bxd6 Nxa4 19. Bxf8 Kxf8 20. Nxe5 Rb8 21. Nc6 Ra8 22. Na5 1-0